000 00532nam a22001937a 4500
003 KOHA_MİRAKIL
005 20251119112804.0
008 251119b tu ||||| |||| 00| 0 tur d
020 _a9789750402920
040 _aTR-AnABB
_btur
_cTR-AnABB
041 _atur
082 _a843.914
_bVAU 2010
100 1 _aVautrin, Jean,
245 1 0 _aHalkın sesi /
_cJean Vautrin
260 _aİstanbul :
_bLitaratür Yayınları,
_c2010
300 _a705 sayfa ;
_c19 cm
650 0 4 _aFransız edebiyatı, roman
942 _2ddc
_cBK
999 _c9526
_d9526
900 _bGizem YORULMAZ